| 000 | 00714nam a2200205 4500 | ||
|---|---|---|---|
| 001 | 126209 | ||
| 003 | ES-MaACL | ||
| 005 | 20230906192757.0 | ||
| 007 | t| | ||
| 008 | 070214s1973 sp r ||||1| spa d | ||
| 245 | 0 | 0 |
_aReligiosidad y pedagogía de la fé / _cGalilea... [et al.] ; [selección, traducción y sumario bajo la dirección de Ernesto Baquer]. |
| 260 |
_aMadrid : _bMarova, _c1973. |
||
| 300 |
_a192 p. ; _c21 cm. |
||
| 490 | 1 |
_aBiblioteca de pensamiento catequético actual ; _v13 |
|
| 700 | 1 |
_aGalilea. _953416 |
|
| 700 | 1 |
_aBaquer, Ernesto. _925256 |
|
| 830 | 0 |
_aBiblioteca de pensamiento catequético actual ; _v13 _9189930 |
|
| 852 |
_aES-MaACL _jC-56103 _bR.88814 |
||
| 999 |
_c126209 _d126209 |
||